| 000 | 00994nam a2200121Ia 4500 | ||
|---|---|---|---|
| 008 | 220620s9999||||xx |||||||||||||| ||und|| | ||
| 100 | _aKitzinger, Celia Clare||Kitzinger, Jenny | ||
| 245 | 0 |
_aChapter 12 This in-between : How families talk about death in relation to severe brain injury and disorders of consciousness _bInterdisciplinary Perspectives |
|
| 546 | _aEnglish[eng] | ||
| 650 | _asocial constructivist research||death||social constructionist research||thanatology||social constructivist research||death||social constructionist research||thanatology||Brain death||Consciousness||Disorders of consciousness||Family||Health technology in the United States||Life support||Minimally conscious state||Persistent vegetative state||Traumatic brain injury | ||
| 856 | _uhttps://library.oapen.org/bitstream/20.500.12657/29912/1/1000041.pdf||https://library.oapen.org/bitstream/20.500.12657/29912/1/1000041.pdf||https://library.oapen.org/bitstream/20.500.12657/29912/1/1000041.pdf | ||
| 942 | _cEB | ||
| 999 |
_c34517 _d34517 |
||